| 000 | 00876nas a2200265 4500 | ||
|---|---|---|---|
| 001 | BR0201526 | ||
| 003 | BR-BrBNA | ||
| 005 | 20231205102822.0 | ||
| 007 | ta | ||
| 008 | 230509b bl.|||p| |||| 00| 00por d | ||
| 040 |
_aBR-BrBNA _bpor _cBiblioteca Nacional de Agricultura |
||
| 041 | _a(Pt) | ||
| 072 | _aH10 | ||
| 100 | 1 | _aMarucci, R.C. | |
| 100 | 1 | _aCavichioli, R.R. | |
| 100 | 1 | _aZucchi, R.A. | |
| 245 | 1 | _aDescrição dos estádios imaturos de Acrogonia sp., Dilobopterus costalimai Young e Oncometopia facialis (Signoret)(Hemiptera: Cicadellidae: Cicadellinae) | |
| 650 | _aCigarrinha | ||
| 650 | _aVetor | ||
| 650 | _aBactéria | ||
| 650 | _aPraga de Planta | ||
| 773 | 0 |
_tAnais da Sociedade Entomológica do Brasil (Brazil) _xISSN 0301-8059 _g(Dec 2000), v. 29(4) p. 667-681 _wBR0201526 |
|
| 909 |
_a202311 _bLúcia _c55 _dLúcia Elande |
||
| 942 |
_2AGRIS _n0 _cANA |
||
| 999 |
_c169502 _d169502 |
||